00343nam a2200121Ia 4500008004100000040001600041041001200057082001600069100001600085245006600101260003700167300001700204230917s9999||||xx |||||||||||||| ||und|| e66558aMAIN aEnglish a294.1 D271P aDavane, G V 0aPerspectives in the vedic and the classical sanskrit heritage aNew DelhibD K Print Worldc1995 axvii, 375 p.